=LDR 00000nam 2200000 4500 =001 INLIS000000000040945 =005 20130612150511 =008 ***********************************ind** =035 ##$$a0010-061300000040945 =041 ##$$a ind =082 ##$$a 741.5 =090 ##$$a 741.5, Sal n =100 ##$$a SALMA, Sergio =245 ##$$a Nathalie, musik dunia, Sergio salma; Alih bahasa, dyah mayasari;Editor, Anastasia mustika w =260 ##$$a 2010 $b Jakarta =300 ##$$a 48 Hlm, Ilus, 24 cm =650 ##$$a KOMIK-BACAAN =850 ##$$a NBPNMAT =990 ##$$a 0001/BPAP-NTB/20142014